000 00848cam a2200277 a 4500
001 14016
003 BD-RjUL
005 20211208235545.0
008 140203s1974 enk b 000 0 eng
020 _a0521203805
020 _a0521098351 (pbk.)
035 _a(BD-RjUL)14068
040 _aLC
_beng
_cLC
_dABN-SNR
_dBD-RjUL
041 _aeng
082 0 4 _a632.96
_220
_bDEB 1974
100 1 _aDeBach, Paul.
_943811
245 1 0 _aBiological control by natural enemies /
_cPaul DeBach.
260 _aLondon ;
_aNew York :
_bCambridge University Press,
_c1974.
300 _a323 p. :
_bill.;
_c24 cm.
500 _aLC copy imperfect: p. 308-324 missing; illustrations blank.
504 _aBibliography: p. 299-307. and indexes.
650 0 _aPests
_xBiological control.
_943723
942 _2ddc
_cBK
999 _c14016
_d14016